000 00947nam a22002177a 4500
999 _c1910
_d1910
003 AR-CdUCM
008 190228b ||||| |||| 00| 0 spa d
040 _aMUNICIPALIDAD PROVINCIAL DEL CUSCO
_cBIBLIOTECA MUNICIPAL DEL CUSCO
082 _a332.7 /
_bS18
100 _aSaldarriaga Colombi, Alberto
_96979
245 _aLa prenda industrial y sus aplicaciones en el Perú /
_cAlberto Saldarriaga Colombi
260 _aLima :
_bGrafiser,
_c1979.
300 _a180 paginas ;
_c19 cm.
505 _aFundamentos y significados de la prenda industrial -- A quienes esta permitido otorgar prenda industrial -- Sobre que clase de bienes se constituye la prenda industrial -- En la prenda industrial no existe depositario propiamente dicho ...
650 _aIndustria textil
_9769
650 _aPrenda industrial
_96980
650 _aIndustrialización
_91455
650 _aDesarrollo industrial
_96981
942 _2ddc
_cLIBROS
945 _aacv
_d2019-02-28